[Event "SVK-chT3A2 1718"]
[Site "Slovakia"]
[Date "2018.01.21"]
[Round "8.1"]
[White "Stanec, Stanislav"]
[Black "Diviak, Rudolf"]
[Result "1-0"]
[WhiteElo "2046"]
[BlackElo "1772"]
[PlyCount "75"]
[EventDate "2017.10.08"]
[EventType "team-tourn"]
[EventRounds "11"]
[EventCountry "SVK"]
[SourceTitle "EXT 2020"]
[Source "ChessBase"]
[SourceDate "2019.10.17"]
[SourceVersion "1"]
[SourceVersionDate "2019.10.17"]
[SourceQuality "1"]
[WhiteTeam "Skalica"]
[BlackTeam "Senica CVC"]
[WhiteTeamCountry "SVK"]
[BlackTeamCountry "SVK"]

1. d4 Nf6 2. Nf3 d6 3. g3 c6 4. Bg2 Na6 5. 0-0 Nc7 6. b3 g6 7. Bb2 Bg7 8. Nbd2 0-0 9. Re1 Rb8 10. e4 Re8 11. c4 Bg4 12. h3 Be6 13. Qe2 Qc8 14. Kh2 a6 15. Rac1 Qd8 16. Red1 Bd7 17. g4 Ne6 18. e5 dxe5 19. dxe5 Qc7 20. Kg1 Nf4 21. Qe3 Nxg2 22. Kxg2 Nxg4 23. hxg4 Bxg4 24. Nf1 Qc8 25. Ng3 Bh3+ 26. Kh2 f6 27. Rd4 Bg4 28. Rd3 h5 29. Re1 f5 30. Nh4 Qe6 31. f3 Rf8 32. Qg5 Kh7 33. Bc1 f4 34. Bxf4 Rxf4 35. Qxf4 Rf8 36. Qe4 Bh3 37. Qxg6+ Qxg6 38. Nxg6 1-0

[Event "SVK-chT3A2 1718"]
[Site "Slovakia"]
[Date "2017.11.05"]
[Round "3.1"]
[White "Capanda, Jan"]
[Black "Stanec, Stanislav"]
[Result "1-0"]
[WhiteElo "1868"]
[BlackElo "2046"]
[PlyCount "99"]
[EventDate "2017.10.08"]
[EventType "team-tourn"]
[EventRounds "11"]
[EventCountry "SVK"]
[SourceTitle "EXT 2020"]
[Source "ChessBase"]
[SourceDate "2019.10.17"]
[SourceVersion "1"]
[SourceVersionDate "2019.10.17"]
[SourceQuality "1"]
[WhiteTeam "Modranka Komplet"]
[BlackTeam "Skalica"]
[WhiteTeamCountry "SVK"]
[BlackTeamCountry "SVK"]

1. e4 c6 2. f4 e5 3. d3 exf4 4. Bxf4 d5 5. exd5 Qxd5 6. Nc3 Bb4 7. a3 Bxc3+ 8. bxc3 Nf6 9. c4 Qa5+ 10. Qd2 Qxd2+ 11. Kxd2 0-0 12. Nf3 Nbd7 13. h3 Nc5 14. g4 Rd8 15. Kc3 Ne6 16. Bg3 h6 17. Bg2 Ng5 18. Nxg5 hxg5 19. Rhe1 Re8 20. Bd6 Re6 21. Bc5 Kh7 22. Rab1 Rxe1 23. Rxe1 Bd7 24. Re7 b6 25. Bd4 Be8 26. Rc7 Kg6 27. a4 Rb8 28. Rxa7 c5 29. Be5 Rc8 30. Bb7 Rd8 31. Bc7 Rd7 32. Bxb6 Re7 33. Kd2 Re5 34. Bc7 Re6 35. a5 Ba4 36. Bc8 Re7 37. Bf5+ Kh6 38. Bb6 Rxa7 39. Bxa7 g6 40. Bc8 Nd7 41. Bb7 f5 42. a6 Kg7 43. Bxc5 Nxc5 44. a7 Nxb7 45. a8Q Bc6 46. d4 Be4 47. c5 Kf7 48. Qa7 Bg2 49. c4 f4 50. d5 1-0

[Event "SVK-chT3A2 1718"]
[Site "Slovakia"]
[Date "2017.10.22"]
[Round "2.1"]
[White "Csuri, Szilveszter"]
[Black "Stanec, Stanislav"]
[Result "0-1"]
[WhiteElo "1956"]
[BlackElo "2046"]
[PlyCount "120"]
[EventDate "2017.10.08"]
[EventType "team-tourn"]
[EventRounds "11"]
[EventCountry "SVK"]
[SourceTitle "EXT 2020"]
[Source "ChessBase"]
[SourceDate "2019.10.17"]
[SourceVersion "1"]
[SourceVersionDate "2019.10.17"]
[SourceQuality "1"]
[WhiteTeam "Potonska Veza II"]
[BlackTeam "Skalica"]
[WhiteTeamCountry "SVK"]
[BlackTeamCountry "SVK"]

1. e4 c6 2. d4 d5 3. Nc3 e6 4. Nf3 Nf6 5. Bd3 dxe4 6. Nxe4 Nbd7 7. 0-0 Be7 8. h3 0-0 9. Bf4 Nxe4 10. Bxe4 Nf6 11. Bd3 b6 12. Qe2 Bb7 13. Rad1 Re8 14. Rfe1 Qd5 15. a3 Qh5 16. Nd2 Qxe2 17. Rxe2 Rad8 18. Nb3 h6 19. Rde1 Bd6 20. Bd2 Bc7 21. f4 Kf8 22. a4 a5 23. f5 exf5 24. Rxe8+ Nxe8 25. Bxf5 Bg3 26. Rf1 Nd6 27. Bd3 Bh4 28. Bf4 Bg5 29. Nd2 Bxf4 30. Rxf4 Re8 31. Kf2 Re7 32. c3 Rd7 33. Nf3 g5 34. Ne5 Rd8 35. Rf3 c5 36. Re3 cxd4 37. cxd4 Bd5 38. Bc2 Nc4 39. Nxc4 Bxc4 40. Rc3 Bd5 41. Bf5 Rd6 42. Bg4 Be4 43. Be2 Rxd4 44. b3 Bd5 45. g3 Rb4 46. Bd1 Ke7 47. Rd3 Be6 48. Kg2 Kf6 49. g4 Ke5 50. Kf3 Bd5+ 51. Ke3 Re4+ 52. Kf2 Rd4 53. Re3+ Kf4 54. Be2 Rd2 55. Rd3 Rxd3 56. Bxd3 Bxb3 57. Bb5 Bc2 58. Bc6 f5 59. Bd7 fxg4 60. hxg4 Be4 0-1

[Event "SVK-chT3A2 1516"]
[Site "Slovakia"]
[Date "2016.01.17"]
[Round "6.1"]
[White "Stanec, Stanislav"]
[Black "Lahucky, Pavol"]
[Result "1-0"]
[WhiteElo "2167"]
[BlackElo "2066"]
[PlyCount "63"]
[EventDate "2015.10.11"]
[EventType "team-tourn"]
[EventRounds "11"]
[EventCountry "SVK"]
[SourceTitle "EXT 2020"]
[Source "ChessBase"]
[SourceDate "2019.10.17"]
[SourceVersion "1"]
[SourceVersionDate "2019.10.17"]
[SourceQuality "1"]
[WhiteTeam "Skalica II"]
[BlackTeam "Hlohovec"]
[WhiteTeamCountry "SVK"]
[BlackTeamCountry "SVK"]

1. d4 f5 2. c4 Nf6 3. Nc3 g6 4. Nf3 Bg7 5. e3 0-0 6. Be2 c6 7. 0-0 d6 8. d5 e5 9. dxe6 Bxe6 10. Ng5 Bc8 11. Qb3 h6 12. Nf3 Qe7 13. Rd1 Ne8 14. Qc2 Nd7 15. b3 Ne5 16. Ba3 Be6 17. Rac1 Rd8 18. Rd2 Nxf3+ 19. Bxf3 Be5 20. Ne2 g5 21. g3 Ng7 22. Bg2 f4 23. exf4 gxf4 24. Nd4 Bxd4 25. Rxd4 f3 26. Bf1 c5 27. Re4 Qg5 28. Re3 Bg4 29. Qd1 Nf5 30. Qd5+ Rf7 31. Re4 Kf8 32. Rce1 1-0

[Event "SVK-chT3A2 1516"]
[Site "Slovakia"]
[Date "2015.12.20"]
[Round "5.6"]
[White "Stanec, Stanislav"]
[Black "Balogh, Peter1"]
[Result "0-1"]
[WhiteElo "2167"]
[BlackElo "2132"]
[PlyCount "98"]
[EventDate "2015.10.11"]
[EventType "team-tourn"]
[EventRounds "11"]
[EventCountry "SVK"]
[SourceTitle "EXT 2020"]
[Source "ChessBase"]
[SourceDate "2019.10.17"]
[SourceVersion "1"]
[SourceVersionDate "2019.10.17"]
[SourceQuality "1"]
[WhiteTeam "Skalica II"]
[BlackTeam "Dunajska Streda II"]
[WhiteTeamCountry "SVK"]
[BlackTeamCountry "SVK"]

1. Nf3 Nc6 2. g3 e5 3. d3 d5 4. Bg2 f6 5. 0-0 Be6 6. Nbd2 Qd7 7. c4 Nge7 8. cxd5 Nxd5 9. Nc4 Bh3 10. Ne3 Bxg2 11. Kxg2 g5 12. Qa4 h5 13. Nxd5 Qxd5 14. Qc4 Qd7 15. h3 0-0-0 16. Be3 g4 17. hxg4 hxg4 18. Nh4 f5 19. Bg5 Be7 20. Bxe7 Nxe7 21. Rh1 Rhg8 22. Rad1 f4 23. Qe4 Rdf8 24. d4 fxg3 25. fxg3 Qd5 26. Qxd5 Nxd5 27. Rd3 exd4 28. Rc1 Ne3+ 29. Kg1 Rd8 30. Ng2 Nxg2 31. Kxg2 Rge8 32. Kf2 Re4 33. Rc5 Rf8+ 34. Ke1 Rfe8 35. Rc2 b6 36. b4 Kb7 37. Kd1 R8e5 38. a4 c5 39. a5 cxb4 40. axb6 Kxb6 41. Rc4 a5 42. Rcxd4 Rxd4 43. Rxd4 Kb5 44. Rxg4 a4 45. e4 a3 46. Kc2 Rc5+ 47. Kb1 b3 48. Rf4 a2+ 49. Kb2 Rc1 0-1

[Event "CZE-chT2E 1415"]
[Site "Czech Republic"]
[Date "2015.04.19"]
[Round "11.4"]
[White "Holemar, David"]
[Black "Stanec, Stanislav"]
[Result "1-0"]
[WhiteElo "2221"]
[BlackElo "2162"]
[PlyCount "121"]
[EventDate "2014.11.02"]
[EventType "team-tourn"]
[EventRounds "11"]
[EventCountry "CZE"]
[SourceTitle "EXT 2022"]
[Source "ChessBase"]
[SourceDate "2021.10.06"]
[SourceVersion "1"]
[SourceVersionDate "2021.10.06"]
[SourceQuality "1"]
[WhiteTeam "Brno Moravska Slavia"]
[BlackTeam "Prusanky Podluzan"]
[WhiteTeamCountry "CZE"]
[BlackTeamCountry "CZE"]

1. Nc3 e5 2. Nf3 Nc6 3. e4 Nf6 4. a3 Bc5 5. Nxe5 Nxe5 6. d4 Bxd4 7. Qxd4 Nc6 8. Qd1 0-0 9. Bd3 d6 10. Bg5 h6 11. Bh4 Ne5 12. 0-0 Ng6 13. Bg3 Bd7 14. Qd2 Nh5 15. f4 Nxg3 16. hxg3 Bc6 17. Rae1 Qd7 18. Qe2 Ne7 19. f5 Rae8 20. Qh5 Kh7 21. g4 g6 22. Qh2 g5 23. e5 dxe5 24. Rxe5 Qd4+ 25. Kh1 Qxg4 26. Rxe7 Rxe7 27. f6+ Re4 28. Qh3 Qxh3+ 29. gxh3 Rfe8 30. Re1 Kg6 31. Bxe4+ Bxe4+ 32. Nxe4 Re5 33. Kg2 Kf5 34. Kf3 Rd5 35. Nc3 Rc5 36. Re7 Kxf6 37. Ne4+ Kxe7 38. Nxc5 f5 39. Nxb7 h5 40. Na5 g4+ 41. hxg4 fxg4+ 42. Kf4 Kd6 43. Nc4+ Kc5 44. Ne3 a6 45. Nf5 Kd5 46. Ne7+ Kd4 47. Nc6+ Kc5 48. Nb4 a5 49. Nd3+ Kd4 50. Ne5 Kd5 51. Nd3 Kd4 52. Nc1 Kc4 53. Ne2 Kd5 54. Ng3 h4 55. Nf5 h3 56. Ne3+ Kd4 57. Nxg4 c5 58. Nh2 c4 59. Nf3+ Kd5 60. Ke3 a4 61. c3 1-0

[Event "SVK-chT3A2 1415"]
[Site "Slovakia"]
[Date "2015.01.11"]
[Round "6.5"]
[White "Pericka, Tomas"]
[Black "Stanec, Stanislav"]
[Result "0-1"]
[WhiteElo "2010"]
[BlackElo "2162"]
[PlyCount "106"]
[EventDate "2014.10.19"]
[EventType "team-tourn"]
[EventRounds "11"]
[EventCountry "SVK"]
[SourceTitle "EXT 2019"]
[Source "ChessBase"]
[SourceDate "2018.10.10"]
[SourceVersion "1"]
[SourceVersionDate "2018.10.10"]
[SourceQuality "1"]

1. e4 d5 2. exd5 Qxd5 3. Nc3 Qa5 4. d4 c6 5. Bc4 Nf6 6. Bd2 Qb6 7. Nge2 e6 8. 0-0 Be7 9. Na4 Qc7 10. Bf4 Bd6 11. Bxd6 Qxd6 12. Bb3 0-0 13. Ng3 Nbd7 14. Re1 b6 15. Nc3 Bb7 16. Nge4 Qc7 17. Nxf6+ Nxf6 18. Ne4 Nxe4 19. Rxe4 c5 20. Rg4 Rad8 21. c3 cxd4 22. Rxd4 Qc6 23. f3 Qc5 24. Kh1 Rxd4 25. Qxd4 Qxd4 26. cxd4 Rc8 27. Kg1 Kf8 28. Kf2 Ke7 29. Ke3 Kd6 30. Kd2 Bd5 31. Bc2 h5 32. h4 Rc7 33. Bd3 Bb7 34. a3 Bd5 35. Re1 g6 36. Ke3 Bb3 37. f4 Bd5 38. g3 Bb3 39. Rf1 Bc4 40. Re1 Bxd3 41. Kxd3 f6 42. b3 a6 43. Kd2 Kd5 44. Kd3 Rc6 45. Rf1 b5 46. Re1 a5 47. Ra1 e5 48. dxe5 fxe5 49. Re1 e4+ 50. Rxe4 Rc3+ 51. Kxc3 Kxe4 52. a4 bxa4 53. bxa4 Kf3 0-1

[Event "SVK-chT3A2 1415"]
[Site "Slovakia"]
[Date "2014.11.30"]
[Round "4.4"]
[White "Blaho, Stefan"]
[Black "Stanec, Stanislav"]
[Result "0-1"]
[WhiteElo "2119"]
[BlackElo "2162"]
[PlyCount "146"]
[EventDate "2014.10.19"]
[EventType "team-tourn"]
[EventRounds "11"]
[EventCountry "SVK"]
[SourceTitle "EXT 2019"]
[Source "ChessBase"]
[SourceDate "2018.10.10"]
[SourceVersion "1"]
[SourceVersionDate "2018.10.10"]
[SourceQuality "1"]

1. d4 d5 2. c4 e6 3. Nc3 Nf6 4. Bg5 Be7 5. e3 0-0 6. cxd5 Nxd5 7. Bxe7 Qxe7 8. Nf3 Nxc3 9. bxc3 c5 10. Bd3 Nc6 11. 0-0 b6 12. Qb1 h6 13. Bh7+ Kh8 14. Be4 Bb7 15. Re1 Rac8 16. d5 Na5 17. dxe6 Bxe4 18. Qxe4 Rc6 19. Rad1 Rxe6 20. Qd5 Nc6 21. Qd7 Rd8 22. Qxe7 Rxe7 23. Rxd8+ Nxd8 24. Rd1 Nc6 25. Kf1 Kg8 26. Rd6 Rc7 27. Ke2 Kf8 28. e4 Ke7 29. Rd5 Nd8 30. Ne5 Ne6 31. Ke3 g5 32. f3 b5 33. g3 a5 34. f4 f6 35. Ng6+ Kf7 36. f5 Ng7 37. g4 Ne8 38. e5 fxe5 39. Nxe5+ Ke7 40. Ng6+ Kf7 41. Rd8 b4 42. c4 Nf6 43. h3 h5 44. gxh5 Nxh5 45. Ke4 Rb7 46. Ra8 b3 47. axb3 Rxb3 48. Ne5+ Kg7 49. Ra7+ Kg8 50. Kd5 Nf4+ 51. Kxc5 Rxh3 52. f6 Nd3+ 53. Kd6 Nxe5 54. Kxe5 Rf3 55. Rxa5 g4 56. Ra7 g3 57. c5 Rc3 58. Rg7+ Kf8 59. Kd6 Rf3 60. Kd7 Rd3+ 61. Kc7 Ra3 62. Kb6 Rb3+ 63. Kc7 Ra3 64. Re7 g2 65. Re1 Kf7 66. c6 Kxf6 67. Rg1 Ra2 68. Kc8 Ke5 69. Re1+ Kd6 70. Rc1 Rc2 71. Rxc2 g1Q 72. c7 Qg8+ 73. Kb7 Qb3+ 0-1

[Event "CZE-chT2E 1415"]
[Site "Czech Republic"]
[Date "2014.11.02"]
[Round "1.1"]
[White "Dobes, Vojtech"]
[Black "Stanec, Stanislav"]
[Result "0-1"]
[WhiteElo "2116"]
[BlackElo "2162"]
[PlyCount "74"]
[EventDate "2014.11.02"]
[EventType "team-tourn"]
[EventRounds "11"]
[EventCountry "CZE"]
[SourceTitle "EXT 2022"]
[Source "ChessBase"]
[SourceDate "2021.10.06"]
[SourceVersion "1"]
[SourceVersionDate "2021.10.06"]
[SourceQuality "1"]
[WhiteTeam "Stare Mesto II"]
[BlackTeam "Prusanky Podluzan"]
[WhiteTeamCountry "CZE"]
[BlackTeamCountry "CZE"]

1. e4 c6 2. d4 d5 3. Nc3 dxe4 4. Nxe4 Bf5 5. Ng3 Bg6 6. N1e2 h6 7. Nf4 Bh7 8. Bd3 Bxd3 9. Qxd3 e6 10. 0-0 Nf6 11. Re1 Be7 12. Qb3 Qd7 13. c3 Na6 14. Nd3 0-0 15. Ne5 Qc7 16. Bd2 Rad8 17. Rad1 c5 18. dxc5 Nxc5 19. Qc2 Bd6 20. Nf3 Ng4 21. Be3 Nxe3 22. Rxe3 Bf4 23. Ree1 Rxd1 24. Rxd1 Rd8 25. c4 Rxd1+ 26. Qxd1 Qd6 27. Qxd6 Bxd6 28. b3 Nd3 29. Ne2 Bc5 30. Kf1 Bxf2 31. Ned4 Bxd4 32. Nxd4 Ne5 33. Nb5 Nc6 34. a3 Kf8 35. Ke2 Ke7 36. Ke3 a6 37. Nc3 Na5 0-1

[Event "CZE-chT2E 1314"]
[Site "Czech Republic"]
[Date "2014.03.02"]
[Round "9.2"]
[White "Stanec, Stanislav"]
[Black "Kratochvil, Josef"]
[Result "1/2-1/2"]
[WhiteElo "2195"]
[BlackElo "2233"]
[PlyCount "104"]
[EventDate "2013.11.03"]
[EventType "team-tourn"]
[EventRounds "11"]
[EventCountry "CZE"]
[SourceTitle "EXT 2016"]
[Source "ChessBase"]
[SourceDate "2015.10.08"]
[SourceVersion "1"]
[SourceVersionDate "2015.10.08"]
[SourceQuality "1"]
[WhiteTeam "Prusanky Podluzan"]
[BlackTeam "Lipovec Garde"]
[WhiteTeamCountry "CZE"]
[BlackTeamCountry "CZE"]

1. e4 c5 2. Nf3 e6 3. Nc3 a6 4. d4 cxd4 5. Nxd4 b5 6. a3 Bb7 7. Bd3 Qc7 8. Qe2 d6 9. 0-0 Nf6 10. Bd2 Nbd7 11. Rac1 Be7 12. Rfe1 Rc8 13. b4 Ne5 14. Nf3 Nfd7 15. Nxe5 Nxe5 16. a4 Nxd3 17. cxd3 bxa4 18. Nxa4 Bc6 19. Nb2 0-0 20. Qg4 Qd8 21. Nc4 Bb5 22. Qg3 g6 23. Qe3 Bf6 24. Qg3 Rc6 25. Na5 Rxc1 26. Rxc1 Be5 27. Qe3 Qf6 28. Nc4 Bd4 29. Qf4 d5 30. Qxf6 Bxf6 31. e5 Bg7 32. Nd6 Bxd3 33. f4 g5 34. g3 gxf4 35. gxf4 f6 36. Rc3 Bg6 37. f5 Bf7 38. exf6 Bxf6 39. Rg3+ Bg7 40. Bh6 Bg6 41. Bxg7 Kxg7 42. fxg6 hxg6 43. Ra3 Rb8 44. Ra4 Kf6 45. h3 Ke7 46. Rxa6 Rxb4 47. Nc8+ Kf6 48. Nb6 Kf5 49. Nd7 Rb1+ 50. Kf2 Rb2+ 51. Kg3 Rb3+ 52. Kg2 Rb2+ 1/2-1/2

[Event "SVK-chT3A2 1314"]
[Site "Slovakia"]
[Date "2013.10.27"]
[Round "2.3"]
[White "Stanec, Stanislav"]
[Black "Sturdik, Igor"]
[Result "1-0"]
[WhiteElo "2195"]
[BlackElo "2017"]
[PlyCount "121"]
[EventDate "2013.10.13"]
[EventType "team-tourn"]
[EventRounds "11"]
[EventCountry "SVK"]
[SourceTitle "EXT 2015"]
[Source "ChessBase"]
[SourceDate "2014.11.20"]
[SourceVersion "1"]
[SourceVersionDate "2014.11.20"]
[SourceQuality "1"]
[WhiteTeam "Skalica"]
[BlackTeam "Trnava Lokomotiva III"]
[WhiteTeamCountry "SVK"]
[BlackTeamCountry "SVK"]

1. e4 Nf6 2. e5 Nd5 3. d4 d6 4. exd6 exd6 5. Nf3 Be7 6. Be2 0-0 7. 0-0 Bg4 8. c3 Nc6 9. Na3 Re8 10. Nc2 Qd7 11. Ne3 Nxe3 12. Bxe3 d5 13. Re1 h6 14. Rc1 Bf6 15. Bd3 Rad8 16. Bc2 Ne7 17. h3 Bf5 18. Bf4 Bxc2 19. Qxc2 Ng6 20. Bg3 c6 21. Qa4 a6 22. Qb3 Qc8 23. Qc2 Rxe1+ 24. Rxe1 Re8 25. Rxe8+ Qxe8 26. Kf1 Kf8 27. h4 Qe6 28. Qe2 Qxe2+ 29. Kxe2 h5 30. Bd6+ Ke8 31. g3 Kd7 32. Ba3 Ke6 33. Nd2 Kf5 34. Kf3 Be7 35. Bxe7 Nxe7 36. Nb3 b6 37. Nc1 f6 38. Nd3 a5 39. Nf4 g6 40. Ng2 g5 41. Ne3+ Kg6 42. Ng2 Nf5 43. hxg5 fxg5 44. Ne1 Ne7 45. Nd3 Kf5 46. Ne5 a4 47. g4+ hxg4+ 48. Nxg4 Ng6 49. Ne3+ Kf6 50. c4 dxc4 51. Nxc4 b5 52. Na5 Ne7 53. Ke4 Ke6 54. Nxc6 Nd5 55. Nd8+ Kd6 56. Nf7+ Kc6 57. Nxg5 Nb4 58. a3 Nc2 59. d5+ Kd7 60. Ne6 Kd6 61. Nd4 1-0